Central Library OPAC University of Rajshahi

কবি ইকবাল কে যতটুকু জেনেছি / (Record no. 39416)

MARC details
000 -LEADER
fixed length control field 00873nam a22002297a 4500
001 - CONTROL NUMBER
control field 39416
003 - CONTROL NUMBER IDENTIFIER
rucl marc code BD-RjUL
005 - DATE AND TIME OF LATEST TRANSACTION
control field 20211209053003.0
008 - FIXED-LENGTH DATA ELEMENTS--GENERAL INFORMATION
fixed length control field 160410s1996 bg a|||| |||| 00| 0dben d
020 ## - INTERNATIONAL STANDARD BOOK NUMBER
Terms of availability : Tk. 100.00
035 ## - SYSTEM CONTROL NUMBER
System control number (BD-RjUL)39529
040 ## - CATALOGING SOURCE
Original cataloging agency BD-RjUL
Language of cataloging ben
Transcribing agency BD-RjUL
041 ## - LANGUAGE CODE
Language code of text/sound track or separate title ben
082 ## - DEWEY DECIMAL CLASSIFICATION NUMBER
Edition number 23
Classification number 891.43915
Author mark and year BEK 1996
100 ## - MAIN ENTRY--PERSONAL NAME
Personal name বেগম, নুরজাহান
9 (RLIN) 121505
245 10 - TITLE STATEMENT
Title কবি ইকবাল কে যতটুকু জেনেছি /
Statement of responsibility, etc. নুরজাহান বেগম,
260 ## - PUBLICATION, DISTRIBUTION, ETC. (IMPRINT)
Place of publication, distribution, etc. ঢাকা :
Name of publisher, distributor, etc. সুচয়ন প্রকাশন,
Date of publication, distribution, etc. ১৯৯৬.
300 ## - PHYSICAL DESCRIPTION
Pagination ১২৮ পৃ. :
Illustrations চিত্র ;
Size ২২ সেমি.
600 ## - SUBJECT ADDED ENTRY--PERSONAL NAME
Personal name ইকবাল, মুহাম্মদ, ১৮৭৭-১৯৩৮
Personal name Iqbal, Muhammad, -- Sir, -- 1877-1938
942 ## - ADDED ENTRY ELEMENTS (KOHA)
Source of classification or shelving scheme Dewey Decimal Classification
Koha item type Books
Holdings
Lost status Source of classification or shelving scheme Damaged status Not for loan Collection code Permanent Location Current Location Shelving location Date acquired Source of acquisition Cost, normal purchase price Total Checkouts Full call number Date last seen Copy number Koha item type Date checked out
  Dewey Decimal Classification   Not For Loan Non-fiction Central Library, University of Rajshahi Central Library, University of Rajshahi Reading Room 09/04/2014 Boi Bichitra, Rajshahi 100.00   B 891.43915 BEK 1996 10/04/2016 C-1 Books  
  Dewey Decimal Classification     Non-fiction Central Library, University of Rajshahi Central Library, University of Rajshahi   09/04/2014 Boi Bichitra, Rajshahi 100.00   B 891.43915 BEK 1996 10/04/2016 C-2 Books  
  Dewey Decimal Classification     Non-fiction Central Library, University of Rajshahi Central Library, University of Rajshahi   09/04/2014 Boi Bichitra, Rajshahi 100.00 2 B 891.43915 BEK 1996 06/03/2022 C-3 Books 17/12/2021